| 000 | 00582nam a22001937a 4500 | ||
|---|---|---|---|
| 003 | OSt | ||
| 005 | 20240215125522.0 | ||
| 008 | 170515t xxu||||| |||| 00| 0 eng d | ||
| 020 | _a9783037680957 | ||
| 040 | _c0 | ||
| 082 |
_a728.0913 _bGAL |
||
| 100 | 1 |
_aGalindo, Michelle _9120501 |
|
| 245 | 1 | 0 |
_aTropical houses : _bliving in paradise/ _cMichelle Galindo. |
| 260 |
_aNew York; _bBraun publishing, _c2012. |
||
| 300 |
_a224p.: _bill; _c34 cm. |
||
| 651 |
_aArchitecture, Domestic _9120462 |
||
| 651 |
_aArchitecture, Tropical _9120568 |
||
| 942 |
_2ddc _cBK _aSADA _k728.0913 GAL 2012 |
||
| 999 |
_c607778 _d607778 |
||